1744 1534 1797 1473 1365 1348 1567 1049 1763 1036 1753 1232 1756 1811 1295 1860 1680 1872 1110 1914 1619 1210 1501 1241 1666 1742 1540 1851 1884 1869 1122 1218 1120 1279 1434 1707 1456 1240 1175 1220 1760 1259 1937 1595 1772 2000 1190 1696 1307 1543 1169 1795 1165 1582 1516 1182 1765 1576 1552 1522 1635 1217 1739 1136 1890 1787 1928 1684 1616 1434 1067 1409 1057 1534 1156 1934 1577 1616 1064 1360 1432 1013 1728 1453 1963 1476 1503 1863 1871 1170 1452 1819 1255 1345 1188 1274 1853 1980 1984 BCNSPRNW ULIB Ver.6.0+V

เปลี่ยนเป็นภาษาไทย

Change to English
 แสดงรายละเอียดบรรณานุกรม
  กลับหน้าหลัก

Brief Record : Get Marc (ISO 2709) : E-mail record : QR code < ปิดหน้าต่าง
LEADER : 00000nam 2200000uu 4500
001    13399111294
003     ULIB
008    110622s2548||||th 000 0 tha d
020    9746444867
060 04 WY20.5^bพ874ห 2548
100 0  เพชรน้อย สิงห์ช่างชัย
245 10 หลักการและการใช้สถิติการวิเคราะห์ตัวแปรหลายตัวสำหรับการวิจัยทางการพยาบาล =^bPrinciples and using multivariate statistics analysis for nursing research /^cเพชรน้อย สิงห์ช่างชัย
246 31 Principles and using multivariate statistics analysis fornursing research
250    พิมพ์ครั้งที่ 2
260    สงขลา :^bชานเมืองการพิมพ์,^c2548
300    ก-ณ, 301 หน้า :^bภาพประกอบ ;^c26 ซม.
650  7 การพยาบาล^xวิจัย
650  7 สถิติศาสตร์
650  7 การวิเคราะห์ตัวแปรพหุ
945    ^p350^l0^i018262
945    ^p300^l0^i24258
945    ^p350^l0^i018263
945    ^p300^l0^i24259
995     เกษร
999 ^a ใช้งานได้ทุกระบบ
รายการนี้ยังไม่มีแท็ก
คุณยังไม่ได้ล็อกอิน คุณสามารถมีกิจกรรมร่วมกับเว็บไซต์ได้ แต่ต้องล็อกอินก่อน ::
  ล็อกอิน

รายการสื่อสารสนเทศ

ลำดับที่ ประเภท เลขเรียก/บาร์โค้ด สถานที่ สถานะ
1. วิทยาศาสตร์การแพทย์ และสุขภาพ
วิทยาศาสตร์การแพทย์ และสุขภาพ
WY20.5 พ874ห 2548 ฉ.2 
  Barcode: 24259
ห้องสมุดวิทยาเขตสวรรค์ประชารักษ์
►ส่วนจัดเก็บหนังสือเก่า สปร
บนชั้น
  ขอยืม

รายการใกล้เคียง
    ผู้แต่ง [เพชรน้อย สิงห์ช่างชัย]

    หัวเรื่อง [สถิติศาสตร์]
    หัวเรื่อง [การวิเคราะห์ตัวแปรพหุ]

BibComment


ยังไม่เคยถูกคอมเมนท์

คอมเมนท์ทรัพยากรรายการนี้
  คอมเมนท์: หลักการและการใช้ส..


 Copyright 2026. Bcnsprnw @Library